000 00594nam a22002057a 4500
005 20251108174833.0
008 250721s2009 xx 000 0 ara d
082 1 4 _a818/حمو
100 1 _aحمودة، عادل
_eمؤلف
245 1 0 _aرحلتي إلى الله /
264 1 _aالقاهرة :
_bدار أخبار اليوم،
_c2009.
300 _a160 ص.
490 0 _aكتاب اليوم
650 1 7 _aأدب الرحلات
650 1 7 _aالحج
650 1 7 _aالسيرة الذاتية
653 _aالمنوعات الأدبية
942 _2ddc
_cBK
999 _c119360
_d119360